| 000 | 00871nas1a22002531i 4500 | ||
|---|---|---|---|
| 001 | RU\NLR\INFOCOMM18\5000183378 | ||
| 005 | 20240726075304.0 | ||
| 035 | _a(NLR Aleph) 002844575 | ||
| 090 |
_a2961447 _c2961447 |
||
| 100 | _a20050303b19831983|||y0rusy50 ca | ||
| 101 | 0 | _arus | |
| 102 | _aRU | ||
| 110 | _aayuzz 0|y| | ||
| 200 | 1 |
_aЭкспресс-информация о конференциях, совещаниях и выставках _iСерия ХМ-15 _fЦентр. ин-т НТИ и техн.-экон. исслед. по хим. и нефт. машиностроению |
|
| 210 |
_aМ. _d1983 |
||
| 300 | _aПо 1980 г. хранится в ФГО | ||
| 311 | _aПрекр. | ||
| 801 | 1 |
_aRU _bInfoComm _c20050303 |
|
| 801 | 0 |
_aRU _bNLR _gPSBO |
|
| 852 |
_aNLR _jП49/1790 |
||
| 942 | _cJOURNAL | ||
| 980 | _aRUSPER | ||